000 01117nam0a22002531 4500
001 rc\4597736
005 20260407203116.0
021 _aRU
_b[64-34172]
035 _a(NLR Aleph) 008665284
090 _a9086699
_c9086699
100 _a20130416d1964 |||y0rusy50 ca
101 0 _arus
102 _aRU
105 _aa z |||||
200 1 _aТезисы докладов
_fМ-во высш., сред. спец. и проф. образования БССР. Минский гос. пед. ин-т иностр. яз. XVI науч. сессия, посвящ. итогам науч.-исслед. работы за 1963 г. 6-11 апр. 1964 г.
210 _aМинск
_cБ. и.
_d1964
215 _a211 с., 1 л. табл.
_d20
606 _aИностранные языки
_jТезисы докладов
_2psbo
710 0 2 _aМинский педагогический институт иностранных языков
_bНаучная сессия
_d16
_f1964
_3RU\NLR\AUTH\8810134827
_9765652
801 0 _aRU
_bNLR
_gpsbo
801 1 _aRU
_bELAR
_2rusmarc
852 _aNLR
_j64-3/3114
942 _cBOOK
980 _aNB